Central Library OPAC University of Rajshahi

Methods of social research / (Record no. 44621)

MARC details
000 -LEADER
fixed length control field 00623nam a2200217 a 4500
001 - CONTROL NUMBER
control field 44621
003 - CONTROL NUMBER IDENTIFIER
rucl marc code BD-RjUL
005 - DATE AND TIME OF LATEST TRANSACTION
control field 20211209053906.0
008 - FIXED-LENGTH DATA ELEMENTS--GENERAL INFORMATION
fixed length control field 160718r19701969nyu||||| |||| 001 0 eng d
035 ## - SYSTEM CONTROL NUMBER
System control number (BD-RjUL)44739
040 ## - CATALOGING SOURCE
Original cataloging agency BD-RjUL
Language of cataloging eng
Transcribing agency BD-RjUL
041 ## - LANGUAGE CODE
Language code of text/sound track or separate title eng
082 ## - DEWEY DECIMAL CLASSIFICATION NUMBER
Edition number 23
Classification number 301.072
Author mark and year STM 1970
100 1# - MAIN ENTRY--PERSONAL NAME
Personal name Stacey, Margaret
9 (RLIN) 136882
245 10 - TITLE STATEMENT
Title Methods of social research /
Statement of responsibility, etc. Margaret Stacey
260 ## - PUBLICATION, DISTRIBUTION, ETC. (IMPRINT)
Place of publication, distribution, etc. New York :
Name of publisher, distributor, etc. Pergamon press,
Date of publication, distribution, etc. c1969 [reprinted 1970]
300 ## - PHYSICAL DESCRIPTION
Pagination 173 p ;
Size 18 cm.
504 ## - BIBLIOGRAPHY, ETC. NOTE
Bibliography, etc Include index and bibliography
650 ## - SUBJECT ADDED ENTRY--TOPICAL TERM
Topical term or geographic name as entry element Sociology
Form subdivision Research
9 (RLIN) 136883
942 ## - ADDED ENTRY ELEMENTS (KOHA)
Source of classification or shelving scheme Dewey Decimal Classification
Koha item type Books
Holdings
Lost status Source of classification or shelving scheme Damaged status Not for loan Collection code Permanent Location Current Location Shelving location Date acquired Source of acquisition Cost, normal purchase price Total Checkouts Full call number Date last seen Copy number Koha item type
  Dewey Decimal Classification     Non-fiction Central Library, University of Rajshahi Central Library, University of Rajshahi   03/12/1975 Jonathan Wren & Co. 1.50   301.072 STM 1970 18/07/2016 C-2 Books